000 00521nam a2200193Ia 4500
003 GCL
008 140319s9999 xx 000 0 eng d
040 _aGCL /
_cGCL
082 0 4 _a909.09761007204
_bR E
100 1 _aRODINSON, MAXIME
245 1 0 _aEUROPE AND THE MYSTIQUE OF ISLAM /
_cRODINSON, MAXIME
700 1 _aVINUS, ROGER
260 _a[S.N] :
_bUNIVERSITY OF WASHINGTON PRESS ،
_c1991
300 _a163 P
650 0 4 _aTEACHING
650 0 4 _aCIVILIZATION
650 0 4 _aEUROPE - HISTORY
942 _2ddc
_cBK
999 _c25142
_d25142